[Event "Ch-DEN"]
[Site "corr"]
[Date "2000.??.??"]
[Round "?"]
[White "Laursen, Bjorn"]
[Black "Kristensen, Finn"]
[Result "0-1"]
[WhiteElo "2266"]
[BlackElo "2256"]
[PlyCount "46"]
[EventDate "2000.??.??"]
[Source "DSU"]
[SourceDate "2003.03.13"]

1. d4 Nf6 2. Nc3 d5 3. Bg5 Nbd7 4. Nf3 h6 5. Bh4 e6 6. Qd3 c5 7. O-O-O c4 8.
Qe3 Qa5 9. Kb1 b5 10. a3 b4 11. axb4 Bxb4 12. Na2 Rb8 13. Bg3 Rb5 14. Nd2 Nb6
15. Bc7 Ng4 16. Qf3 Bxd2 17. c3 Bg5 18. e3 Qa3 19. Nb4 Qb3 20. Bxb6 Rxb6 21.
Qxg4 a5 22. Bd3 cxd3 23. Nxd3 Ba6 0-1

[Event "Ch-DEN"]
[Site "corr"]
[Date "2000.??.??"]
[Round "?"]
[White "Laursen, Bjorn"]
[Black "Simmelsgaard, Jes"]
[Result "1-0"]
[WhiteElo "2266"]
[BlackElo "2122"]
[PlyCount "85"]
[EventDate "2000.??.??"]
[Source "DSU"]
[SourceDate "2003.03.13"]

1. d4 Nf6 2. Nc3 d5 3. Bg5 Bg4 4. f3 Bf5 5. e3 h6 6. Bxf6 exf6 7. Bd3 Bxd3 8.
Qxd3 c6 9. Nge2 Nd7 10. O-O Qb6 11. Kh1 O-O-O 12. a4 Qc7 13. Nd1 Re8 14. b3 g6
15. c4 dxc4 16. bxc4 h5 17. c5 Bh6 18. a5 a6 19. Qb3 Re7 20. e4 f5 21. Ndc3 h4
22. h3 fxe4 23. fxe4 f5 24. e5 Nf8 25. Na4 Kb8 26. Nb6 Qd8 27. Nc4 Qd5 28. Qb4
Ne6 29. Nd6 Ka8 30. Ra4 Be3 31. Rd1 Ng5 32. Nc3 Qe6 33. Nc4 Bf2 34. Qb6 Ne4 35.
Nxe4 fxe4 36. Qb2 Rf8 37. Rf1 Ref7 38. Nd6 Bxd4 39. Rxf7 Rxf7 40. Qxd4 Rf1+ 41.
Kh2 Qb3 42. Nxe4 Rd1 43. Qf2 1-0

[Event "Ch-DEN"]
[Site "corr"]
[Date "2000.??.??"]
[Round "?"]
[White "Laursen, Bjorn"]
[Black "Madsen, Flemming"]
[Result "1/2-1/2"]
[WhiteElo "2266"]
[BlackElo "2028"]
[PlyCount "123"]
[EventDate "2000.??.??"]
[Source "DSU"]
[SourceDate "2003.03.13"]

1. d4 f5 2. Bg5 h6 3. Bh4 g5 4. Bg3 Nf6 5. Be5 Bg7 6. h4 g4 7. e3 d6 8. Bxf6
Bxf6 9. Bc4 e6 10. g3 a6 11. Ne2 b5 12. Bb3 c5 13. c3 c4 14. Bc2 Bb7 15. Rg1
Qd7 16. Nd2 O-O 17. Nf4 Nc6 18. d5 exd5 19. Nxd5 Bd8 20. Nf4 Ne5 21. Qe2 Bf3
22. Qf1 Ba5 23. Bd1 Bxd1 24. Kxd1 Qc6 25. Qg2 Qxg2 26. Rxg2 b4 27. Kc2 Rf7 28.
e4 fxe4 29. Nxe4 bxc3 30. bxc3 Rb8 31. Rgg1 Nd3 32. Nxd3 cxd3+ 33. Kxd3 Rc8 34.
Kd4 Rf5 35. Rab1 d5 36. Nc5 Bd8 37. Nd3 Bf6+ 38. Ke3 Bxc3 39. Nf4 Be5 40. Rb6
Rc5 41. Rxh6 Rc3+ 42. Kd2 Ra3 43. Rg6+ Kf7 44. Rxg4 Rxa2+ 45. Ke3 Bd6 46. Kf3
Ra3+ 47. Kg2 Ra4 48. Rg5 Rxg5 49. hxg5 Bxf4 50. gxf4 Rxf4 51. Kg3 Rb4 52. f4 a5
53. Rd1 d4 54. Kg4 a4 55. Rd3 Rb7 56. f5 Rd7 57. Kf4 Kg8 58. Ke4 Ra7 59. Ra3
Ra5 60. g6 Kg7 61. Rg3 Ra6 62. Kxd4 1/2-1/2

[Event "Ch-DEN"]
[Site "corr"]
[Date "2000.??.??"]
[Round "?"]
[White "Madsen, Flemming"]
[Black "Kramer, Svend Erik"]
[Result "0-1"]
[WhiteElo "2028"]
[BlackElo "2466"]
[PlyCount "98"]
[EventDate "2000.??.??"]
[Source "DSU"]
[SourceDate "2003.03.13"]

1. e4 c5 2. c3 Nf6 3. e5 Nd5 4. d4 cxd4 5. Nf3 Nc6 6. Bc4 Nb6 7. Bb3 d5 8. exd6
Qxd6 9. O-O Be6 10. Nxd4 Nxd4 11. Qxd4 Qxd4 12. cxd4 Bxb3 13. axb3 e6 14. Bd2
Be7 15. Rd1 O-O 16. Ba5 Nd5 17. Nc3 b6 18. Nxd5 exd5 19. Bd2 a5 20. Kf1 Rfc8
21. Rdc1 Bf6 22. Be3 Kf8 23. Ke2 Ke8 24. Kd3 Kd7 25. g4 Rxc1 26. Bxc1 Re8 27.
Be3 Be7 28. Bd2 Bd6 29. h3 Kc6 30. h4 Kb5 31. Rc1 g6 32. h5 gxh5 33. gxh5 Rg8
34. Re1 Rg2 35. Re8 Rxf2 36. Rd8 Bc7 37. Rh8 Bf4 38. Bxf4 Rxf4 39. Rxh7 Kb4 40.
Rh6 f6 41. Ke3 Rf1 42. Rh8 Rh1 43. Kf3 b5 44. Kg2 Rb1 45. h6 Rxb2+ 46. Kg3
Rxb3+ 47. Kh4 Rb1 48. Kh5 Rh1+ 49. Kg6 a4 0-1

[Event "Ch-DEN"]
[Site "corr"]
[Date "2000.??.??"]
[Round "?"]
[White "Madsen, Flemming"]
[Black "Christiansen, Tonny"]
[Result "1-0"]
[WhiteElo "2028"]
[BlackElo "2326"]
[PlyCount "107"]
[EventDate "2000.??.??"]
[Source "DSU"]
[SourceDate "2003.03.13"]

1. e4 e5 2. Nf3 Nc6 3. Bb5 a6 4. Ba4 Nf6 5. O-O Be7 6. Re1 b5 7. Bb3 d6 8. c3
O-O 9. h3 Na5 10. Bc2 c5 11. d4 Qc7 12. Nbd2 cxd4 13. cxd4 Nc6 14. Nb3 a5 15.
Be3 a4 16. Nbd2 Bd7 17. Rc1 Qb7 18. Qe2 Rab8 19. d5 Na5 20. b3 axb3 21. axb3 b4
$11 22. Bd3 Ra8 23. Rc2 Rfc8 24. Rb2 h6 25. Ra2 Bd8 26. Rea1 Bc7 27. Nh2 Kh8
28. Qf3 Kh7 29. Nhf1 Bd8 30. Be2 Rcb8 31. Kh2 Qc8 32. Kh1 Bc7 $11 33. Ng3 Qd8
34. Nh5 Nxh5 35. Qxh5 Qf8 36. Qf3 Kh8 37. Bd1 f6 38. Qg3 f5 39. exf5 Bxf5 40.
Qf3 Kg8 41. Kg1 Ra6 42. Qe2 Raa8 43. Bc2 Bxc2 44. Rxc2 Qf7 45. Ra4 Bd8 46. Qd3
Nb7 47. Rxb4 Ra5 48. Rb5 Ra3 49. Qe4 Ra1+ 50. Kh2 h5 51. b4 Ra4 52. Rc6 Raa8
53. Nc4 Bf6 54. Qf5 1-0

[Event "Ch-DEN"]
[Site "corr"]
[Date "2000.??.??"]
[Round "?"]
[White "Madsen, Flemming"]
[Black "Larsen, Henning"]
[Result "1/2-1/2"]
[WhiteElo "2028"]
[BlackElo "2192"]
[PlyCount "98"]
[EventDate "2000.??.??"]
[Source "DSU"]
[SourceDate "2003.03.13"]

1. e4 e5 2. Nf3 Nc6 3. Bb5 a6 4. Ba4 Nf6 5. O-O Be7 6. Re1 b5 7. Bb3 O-O 8. c3
d5 9. exd5 Nxd5 10. Nxe5 Nxe5 11. Rxe5 c6 12. d4 Bd6 13. Re1 Qh4 14. g3 Qh3 15.
Be3 Bg4 16. Qd3 Rae8 17. Nd2 Re6 18. a4 bxa4 19. Rxa4 f5 20. Qf1 Qh5 21. c4 f4
22. cxd5 Rxe3 23. fxe3 fxg3 24. dxc6+ Kh8 25. hxg3 Rxf1+ 26. Rxf1 Qg5 27. Rf4
Bxf4 28. exf4 Qe7 29. Nf1 Qe2 30. Rb4 h5 31. Bc4 Qe4 32. Rb8+ Kh7 33. Rb3 Qxc6
34. Ne3 Qf3 35. Nxg4 Qd1+ 36. Kf2 Qc2+ 37. Ke3 Qxc4 38. Rc3 Qb5 39. Nf2 Qxb2
40. Rc5 Qb3+ 41. Nd3 Qd1 42. Rg5 Qg1+ 43. Ke4 Qh1+ 44. Ke3 Kg8 45. d5 Kf8 46.
d6 Qc6 47. Rg6 Qc3 48. Ke2 Qc2+ 49. Ke3 Qc3 1/2-1/2

[Event "Ch-DEN"]
[Site "corr"]
[Date "2000.??.??"]
[Round "?"]
[White "Madsen, Flemming"]
[Black "Hansen, Ojvind"]
[Result "1/2-1/2"]
[WhiteElo "2028"]
[BlackElo "2151"]
[PlyCount "123"]
[EventDate "2000.??.??"]
[Source "DSU"]
[SourceDate "2003.03.13"]

1. e4 c5 2. c3 Nf6 3. e5 Nd5 4. d4 cxd4 5. Nf3 d6 6. exd6 Qxd6 7. Nxd4 a6 8.
Bc4 Qe5+ 9. Qe2 Qxe2+ 10. Bxe2 e5 11. Nf3 f6 12. O-O Be6 13. Rd1 Nc6 14. b3 Bc5
15. Nfd2 Nf4 16. Bf3 O-O-O 17. Ne4 Rxd1+ 18. Bxd1 Rd8 19. Bc2 Bf5 20. Bd2 Bxe4
21. Bxe4 Nd3 22. Bxh7 Nxf2 23. Kf1 Ne7 24. b4 Ba7 25. Bc2 Ng4 26. Ke2 Nxh2 27.
Na3 Ng4 28. Rh1 g6 29. Rh7 Nf5 30. Nb1 Rd7 31. Rh8+ Rd8 32. Rh7 Bg1 33. a4 Rd7
34. Rh8+ Kc7 35. Rg8 Ne7 36. Rg7 g5 37. Rh7 Ba7 38. Na3 Bf2 39. Bc1 Bh4 40. g3
Bxg3 41. Kf3 Be1 42. Nb1 Nd5 43. Rxd7+ Kxd7 44. Kxg4 Nxc3 45. Nxc3 Bxc3 46. Ba3
b5 47. axb5 axb5 48. Kf5 Kd6 49. Bd3 Kc6 50. Be2 Bd2 51. Kxf6 e4 52. Ke5 e3 53.
Kf5 Bc3 54. Kxg5 Be1 55. Kf4 Bd2 56. Ke4 Kb6 57. Kd5 Bc3 58. Bc1 Bxb4 59. Bxe3+
Ka5 $11 60. Kc6 Be1 61. Bxb5 Kb4 62. Bd3 1/2-1/2

[Event "Ch-DEN"]
[Site "corr"]
[Date "2000.??.??"]
[Round "?"]
[White "Madsen, Flemming"]
[Black "Ringsborg, Allan"]
[Result "1-0"]
[WhiteElo "2028"]
[BlackElo "2263"]
[PlyCount "135"]
[EventDate "2000.??.??"]
[Source "DSU"]
[SourceDate "2003.03.13"]

1. e4 e5 2. Nf3 Nc6 3. Bb5 a6 4. Ba4 d6 5. c3 f5 6. exf5 Bxf5 7. O-O Bd3 8. Re1
Be7 9. Bc2 Bxc2 10. Qxc2 Nf6 11. d4 e4 12. Ng5 d5 13. f3 h6 14. Ne6 Qd7 15. Nf4
g5 16. Ng6 Rg8 17. Nxe7 Qxe7 18. Nd2 O-O-O 19. b4 g4 20. fxe4 dxe4 21. a4 g3
22. h3 Nb8 23. b5 Rde8 24. Re2 Qd7 25. bxa6 Nxa6 26. Rb1 h5 27. Nc4 Re6 28. Rb5
b6 29. Qb3 Rd8 30. Ne3 Qe8 31. Rb2 Nd7 32. a5 h4 33. axb6 cxb6 34. Nd5 e3 35.
Nxb6+ Nxb6 36. Rxb6 Rxb6 37. Qxb6 Nc7 38. Qb7+ Kd7 39. Rb5 Qf7 40. Bxe3 Ra8 41.
Qe4 Nxb5 42. Qxa8 Qf5 43. Qf3 Qxf3 44. gxf3 Nxc3 45. Bg5 Ne2+ 46. Kg2 Ke6 47.
Bxh4 Nxd4 48. Kxg3 Kf5 49. Be7 Ne2+ 50. Kf2 Nf4 51. h4 Nd3+ 52. Kf1 Nf4 53. Bc5
Ng6 54. Bf2 Ne5 55. Ke2 Kf4 56. Be3+ Kf5 57. h5 Nf7 58. Kf2 Ne5 59. h6 Nf7 60.
Ke2 Kg6 61. Kd3 Nd6 62. Bd2 Nf7 63. Ke4 Nd6+ 64. Kd5 Nf5 65. Ke5 Ng3 66. Bg5
Ne2 67. f4 Ng3 68. Ke6 1-0

[Event "Ch-DEN"]
[Site "corr"]
[Date "2000.09.17"]
[Round "?"]
[White "Ringsborg, Allan"]
[Black "Bisgaard, Peter"]
[Result "1/2-1/2"]
[WhiteElo "2263"]
[BlackElo "2067"]
[PlyCount "94"]
[EventDate "2000.??.??"]
[Source "DSU"]
[SourceDate "2003.03.13"]

1. b4 d5 2. Bb2 Nf6 3. e3 e6 4. b5 c5 5. Nf3 Be7 6. c4 a6 7. a4 O-O 8. Nc3 Nbd7
9. bxa6 bxa6 10. Be2 Rb8 11. Qc2 dxc4 12. Bxc4 Bb7 13. O-O Bxf3 14. gxf3 Ne5
15. Be2 Nc6 16. Ne4 Nd5 17. Kh1 Ncb4 18. Qc4 Qc7 19. Rg1 g6 20. Rac1 Rfc8 21.
Ba1 Qa5 22. Be5 Rb6 23. Bd1 Nc6 24. Ba1 Rb4 25. Qa2 Qb6 26. Be2 Na5 27. Rb1 Qb7
28. Rxb4 cxb4 29. h4 b3 30. Qb2 f6 31. h5 Kf7 32. Qb1 f5 33. Nc3 Nf6 34. hxg6+
hxg6 35. Rg2 Nc4 36. Bxc4 Rxc4 37. e4 fxe4 38. Bb2 Qd7 39. Nxe4 Nxe4 40. fxe4
Rc2 41. d4 Qxa4 42. f3 Rxg2 43. Kxg2 a5 44. Qd3 Bf6 45. e5 Qa2 46. Qc3 Be7 47.
d5 exd5 1/2-1/2

[Event "Ch-DEN"]
[Site "corr"]
[Date "2000.??.??"]
[Round "?"]
[White "Ringsborg, Allan"]
[Black "Ros, Aksel"]
[Result "1-0"]
[WhiteElo "2263"]
[BlackElo "2166"]
[PlyCount "79"]
[EventDate "2000.??.??"]
[Source "DSU"]
[SourceDate "2003.03.13"]

1. b4 e5 2. Bb2 Bxb4 3. Bxe5 Nf6 4. c4 O-O 5. e3 Be7 6. Nf3 c5 7. Bb2 Nc6 8.
Nc3 d5 9. cxd5 Nxd5 10. Qb1 Be6 11. Be2 Qd7 12. O-O Rac8 13. Ne4 Bf5 14. Bd3
Bg6 15. Rc1 b6 16. a3 Rfd8 17. Ba6 Rc7 18. d3 Qe6 19. Qc2 h6 20. Rab1 Kh8 21.
Bc4 Qf5 22. h3 Qc8 23. Ne5 Nxe5 24. Bxe5 Rc6 25. Qb3 Qe6 26. f4 f6 27. Nxf6
Bxf6 28. e4 Qe8 29. exd5 Rdc8 30. Re1 Bh4 31. Rf1 Bf7 32. Qa4 Bxd5 33. Qxa7
Bxc4 34. dxc4 Rd6 35. Rxb6 Kh7 36. Qb7 Rd2 37. Qe4+ Kg8 38. Rxh6 Rd7 39. Qh7+
Kf7 40. Rxh4 1-0

[Event "Ch-DEN"]
[Site "corr"]
[Date "2000.??.??"]
[Round "?"]
[White "Ringsborg, Allan"]
[Black "Laursen, Bjorn"]
[Result "1/2-1/2"]
[WhiteElo "2263"]
[BlackElo "2266"]
[PlyCount "64"]
[EventDate "2000.??.??"]
[Source "DSU"]
[SourceDate "2003.03.13"]

1. b4 e5 2. Bb2 Bxb4 3. Bxe5 Nf6 4. c4 O-O 5. e3 d5 6. Nf3 Nc6 7. Bb2 Bg4 8.
cxd5 Nxd5 9. Be2 Qe7 10. O-O Rad8 11. a3 Ba5 12. Qa4 Bh5 13. Nc3 Nxc3 14. Bxc3
Bxc3 15. dxc3 Ne5 16. Rad1 Nxf3+ 17. Bxf3 Bxf3 18. gxf3 Qg5+ 19. Qg4 Qf6 20. c4
b6 21. h4 c5 22. h5 h6 23. Kg2 Rfe8 24. Rg1 Qe5 25. f4 Qf6 26. Rd7 Rxd7 27.
Qxd7 Qe7 28. Rd1 Kf8 29. f3 Qxd7 30. Rxd7 Re7 31. Rd8+ Re8 32. Rd7 Re7 1/2-1/2

[Event "Ch-DEN"]
[Site "corr"]
[Date "2000.??.??"]
[Round "?"]
[White "Ringsborg, Allan"]
[Black "Kristensen, Finn"]
[Result "1/2-1/2"]
[WhiteElo "2263"]
[BlackElo "2256"]
[PlyCount "55"]
[EventDate "2000.??.??"]
[Source "DSU"]
[SourceDate "2003.03.13"]

1. b4 e5 2. Bb2 Bxb4 3. Bxe5 Nf6 4. c4 Be7 5. e3 O-O 6. Nf3 c5 7. Bb2 d5 8. Be2
Nc6 9. cxd5 Nxd5 10. O-O Bf5 11. Nc3 Bf6 12. Na4 b6 13. Bb5 Bxb2 14. Nxb2 Qf6
15. Bxc6 Qxc6 16. Qb3 Be4 17. Ne5 Qe6 18. Nbc4 Nb4 19. d3 Bxg2 20. Kxg2 b5 21.
Nd2 Qxe5 22. a3 Qg5+ 23. Kh1 Qd5+ 24. Qxd5 Nxd5 25. Ne4 Rfc8 26. Rac1 c4 27.
Nd6 Rd8 28. Nxb5 1/2-1/2

[Event "Ch-DEN"]
[Site "corr"]
[Date "2000.??.??"]
[Round "?"]
[White "Ringsborg, Allan"]
[Black "Simmelsgaard, Jes"]
[Result "1-0"]
[WhiteElo "2263"]
[BlackElo "2122"]
[PlyCount "69"]
[EventDate "2000.??.??"]
[Source "DSU"]
[SourceDate "2003.03.13"]

1. b4 Nf6 2. Bb2 e6 3. b5 a6 4. a4 d5 5. e3 axb5 6. axb5 Rxa1 7. Bxa1 c5 8. c4
Bd6 9. Nf3 O-O 10. Be2 b6 11. O-O Bb7 12. d4 Nbd7 13. Nbd2 cxd4 14. Bxd4 Qc7
15. h3 e5 16. Bb2 e4 17. Nd4 Bh2+ 18. Kh1 Be5 19. Qb1 Nc5 20. cxd5 Bxd5 21. Rd1
Na4 22. Nc4 Nxb2 23. Qxb2 Rc8 24. Nxe5 Qxe5 25. Rc1 Rc5 26. Qa3 Rxc1+ 27. Qxc1
Ne8 28. Bg4 Qc7 29. Nc6 h6 30. Be2 Kh8 31. Kg1 f6 32. Qc2 Nd6 33. Qd1 Bf7 34.
f3 Be6 35. Kh2 1-0

[Event "Ch-DEN"]
[Site "corr"]
[Date "2000.??.??"]
[Round "?"]
[White "Ringsborg, Allan"]
[Black "Jorgensen, Eskild"]
[Result "1/2-1/2"]
[WhiteElo "2263"]
[BlackElo "2236"]
[PlyCount "95"]
[EventDate "2000.??.??"]
[Source "DSU"]
[SourceDate "2003.03.13"]

1. b4 d5 2. Bb2 Bg4 3. Nf3 Nf6 4. Ne5 Bh5 5. c4 e6 6. Qa4+ Nbd7 7. cxd5 exd5 8.
e3 Be7 9. Nxd7 Qxd7 10. Qxd7+ Kxd7 11. a3 a5 12. b5 c5 13. Nc3 b6 14. h3 Bg6
15. Be2 Kc7 16. Rc1 Rad8 17. Na4 Kb7 18. O-O h6 19. Rfd1 Ne8 20. d3 Bf6 21. d4
c4 22. Bf3 Bd3 23. Nc3 Nc7 24. Ra1 Rhe8 25. g3 g6 26. Kh2 h5 27. Rac1 h4 28. g4
Bg7 29. Rg1 Rf8 30. Rg2 f5 31. gxf5 Rxf5 32. Bg4 Rf7 33. Rcg1 Rdf8 34. f4 Re7
35. Nd1 Bh6 36. Rf2 Nxb5 37. a4 Nd6 38. Bf3 Kc6 39. Rg4 Bg7 40. Bc1 Rd7 41. Nc3
Ne8 42. Rxh4 Nf6 43. Bd1 Rdf7 44. Rg2 Rg8 45. Bc2 Bxc2 46. Rxc2 Bf8 47. Rg2 Kb7
48. Nb5 1/2-1/2

[Event "Ch-DEN"]
[Site "corr"]
[Date "2000.??.??"]
[Round "?"]
[White "Ros, Aksel"]
[Black "Madsen, Flemming"]
[Result "0-1"]
[WhiteElo "2166"]
[BlackElo "2028"]
[PlyCount "84"]
[EventDate "2000.??.??"]
[Source "DSU"]
[SourceDate "2003.03.13"]

1. d4 f5 2. Nf3 Nf6 3. g3 g6 4. Bg2 Bg7 5. O-O d6 6. c4 O-O 7. Nc3 c6 8. b3 Qa5
9. Bd2 Qc7 10. d5 Na6 11. Rc1 Nc5 12. Bf4 Rd8 13. Nd4 e5 14. dxe6 Nxe6 15. Nxe6
Bxe6 16. c5 Qa5 17. cxd6 Nh5 18. Bd2 Qa3 19. Qc2 Rxd6 20. Bf3 Nf6 21. Na4 Nd7
22. Rfd1 Bf8 23. Bf4 Rxd1+ 24. Rxd1 Nb6 25. Nc3 Re8 26. h4 Qa5 27. Bc1 Bg7 28.
Bb2 Qc5 29. Qd2 Be5 30. e3 Re7 31. Ne2 Rd7 32. Nd4 Bd5 33. Rc1 Qe7 34. Bxd5+
Rxd5 35. Qc2 Nd7 36. Kg2 Nf6 37. Nf3 Bxb2 38. Qxb2 a5 39. Qc2 Qd6 40. Nd4 Qd7
41. Nf3 h6 42. Qd2 Rxd2 0-1

[Event "Ch-DEN"]
[Site "corr"]
[Date "2000.??.??"]
[Round "?"]
[White "Ros, Aksel"]
[Black "Hansen, Ojvind"]
[Result "0-1"]
[WhiteElo "2166"]
[BlackElo "2151"]
[PlyCount "126"]
[EventDate "2000.??.??"]
[Source "DSU"]
[SourceDate "2003.03.13"]

1. d4 Nf6 2. Nf3 g6 3. g3 Bg7 4. Bg2 O-O 5. c4 d6 6. O-O Nbd7 7. Nc3 e5 8. e4
c6 9. h3 exd4 10. Nxd4 Qa5 11. Re1 Ne5 12. Bf1 Rd8 13. Nb3 Qc7 14. f4 Ned7 15.
Be3 b6 16. Qc2 Bb7 17. Rad1 a5 18. a4 Re8 19. Bg2 Re7 20. Qd2 Ne8 21. Bd4 Bh6
22. Qf2 Nef6 23. Be3 Rd8 24. g4 Ne8 25. g5 Bg7 26. Bd4 f6 27. h4 Ba6 28. Bf1
Nc5 29. Nxc5 bxc5 30. Be3 fxg5 31. hxg5 Bxc3 32. bxc3 Rxe4 33. Bd3 Re7 34. f5
gxf5 35. g6 hxg6 36. Bg5 Rg7 37. Bxd8 Qxd8 38. Bf1 Qc8 39. Qe3 Kf8 40. Qh6 Qd7
41. Rb1 Nf6 42. Rb8+ Bc8 43. Qh8+ Ng8 44. Bg2 Rf7 45. Ra8 g5 46. Qh1 Kg7 47.
Bxc6 Re7 48. Rxe7+ Qxe7 49. Qg2 Qe1+ 50. Qf1 Qg3+ 51. Bg2 Ne7 52. Qe2 Kf6 53.
Rxa5 Qxc3 54. Rb5 Qd4+ 55. Kh2 Ba6 56. Qb2 Bxb5 57. Qxd4+ cxd4 58. cxb5 d3 59.
a5 g4 60. b6 d2 61. b7 d1=Q 62. b8=Q Kg5 63. Qd8 Kf4 0-1

[Event "Ch-DEN"]
[Site "corr"]
[Date "2000.??.??"]
[Round "?"]
[White "Ros, Aksel"]
[Black "Bisgaard, Peter"]
[Result "0-1"]
[WhiteElo "2166"]
[BlackElo "2067"]
[PlyCount "68"]
[EventDate "2000.??.??"]
[Source "DSU"]
[SourceDate "2003.03.13"]

1. d4 Nf6 2. Nf3 d5 3. c4 c6 4. Nc3 e6 5. e3 Nbd7 6. Qc2 Bd6 7. b3 O-O 8. Be2
dxc4 9. bxc4 e5 10. O-O Re8 11. Rb1 b6 12. Rd1 Qe7 13. e4 $2 {Overså Aksel, at
jeg kan slå på d4? Hvis hvid får lov at spille d5, står han selvfølgelig bedst,
men i partifortsættelsen har hvid en dårlig bondestilling med problemer på de
sorte felter. Bedre var} 
(13. Ne4 Nxe4 
(13... Bc7 14. Nxf6+ Qxf6 15. Bd3 h6 16.Bb2 $14) 
14. Qxe4 Bb7 15. c5 Bc7 16. Bb2 exd4 17. Qxd4 Nf6 18. Bd3 $14) 
13...exd4 $1 14. Nxd4 Nc5 
{Sort har nu et godt tryk mod e4, og hvid har svage
bønder. Men hænger der ikke en bonde på c6?} 
15. Bg5 
({Niks!} 15. Nxc6 Qc7 {, og de efterfølgende komplikationer er gunstige for sort. F.eks:} 16. Bf3 
(16.e5 Bxe5 17. Nxe5 Qxe5 $15) 
(16. Nxa7 Bxh2+ 17. Kh1 Nfxe4 18. Nxe4 Nxe4 19. Bd3 Bb7 20. Be3 Bf4 21. Nb5 
(21. Bxb6 $2 Qd6 $19) 21... Qe5 22. Bxf4 Qxf4 $17) 
(16. Nb4 Bxh2+ 17. Kh1 Nfxe4 18. Nxe4 Nxe4 19. Bd3 
(19. Bf3 Bf5 $19) 
19... Bb7 20. Nd5 
(20. f3 Nf6 $17) 
20... Bxd5 21. cxd5 Qxc2 22. Bxc2 Bd6 $17) 
16... Bxh2+ 17. Kh1 Qxc6 
(17... Be5 $5) 
18. Kxh2 
(18. e5 Nfe4 19. Nxe4 
(19. Kxh2 Bf5 20. Bf4 Qg6 21. Nxe4 Nxe4 $17) 
(19. Rd6 Qc7 20. Nd5 Qb8 
21. Bxe4 Bxe5 22. Bxh7+ Kh8 23. Rc6 Bd7 24. Rxc5 Qd8 $17) 
19... Bf5 20. Kxh2 Bxe4 21. Bxe4 Qxe4 22. Qxe4 Nxe4 $17) 
18... Bb7 19. e5 Qc7 20. Nd5 
(20. Bxb7 Qxe5+ 21. Kg1 Ng4 22. g3 Nxb7 $19)
20... Nxd5 21. cxd5 Qxe5+ 22. Kg1 Rad8 $17) 
15... Bd7 16. f3 h6 17. Bh4 Rad8
18. a4 {Dette træk svækker blot bondestillingen yderligere, og fører ikke til
noget. Hvid burde forholde sig afventende, f.eks. med 18.Bf1 og 19.Bf2, og så
se hvad sort finder på.} 18... Be5 19. Bf2 Ne6 (19... Nh5 $5) 20. Nf5 Qa3 {
Et drilletræk, der tvinger hvid til Rb3. Pointen er så, at hvid er nødt til
at flytte tårnet igen senere pga. en potentiel springergaffel på d4, og sort
har så vundet et tempo i forhold til at spille Qf8 direkte.} 21. Rb3 (21. Nd4
Nxd4 22. Bxd4 Bxd4+ 23. Rxd4 Qc5 24. Rbd1 Be6 $17) 21... Qf8 22. Rbb1 Bc8 23.
Rxd8 Rxd8 24. g3 g6 25. Ne3 Qa3 {Jeg ville gerne aktivere dronningen, og
forsøger at gentage drilletricket, og vinde et tempo. Hvid vælger dog at
afvige.} 26. Ned1 (26. Rb3 Qe7 27. Rb1 Nd4 28. Qc1 Ba6 $17) 26... Nd4 27. Bxd4
Bxd4+ 28. Kg2 {Man behøver ikke at analysere konkrete varianter for at
konstatere at sort har klar fordel: løberpar, bedre bondestilling, hvid er
narmest forsvarsløs på de sorte felter, og hans lette officerer står skidt.}
28... Qc5 {Lægger pres på c-bonden, og så er der lige en anden lusket trussel.}
29. Bd3 $2 {Hvid overså hovedtruslen: Kongeangreb! Hvid står dog til tab
alligevel, idet sort kan spille Be6, hvorefter c-bonden falder før eller siden.
} 29... Qh5 $1 {Truer Bh3+ fulgt af Qxf3. Resten er mere eller mindre forceret.
} 30. h4 (30. Qe2 Qh3+ 31. Kh1 Nh5 $19) (30. g4 Bxg4 $19) 30... g5 31. Ne2 {
Så kommer kulminationen på det sorte angreb:} (31. Nf2 gxh4 32. Rh1 Bxf2 33.
Rxh4 (33. Kxf2 Qc5+ {fulgt af Qe3 eller hxg3 -+}) 33... Qc5 34. Qxf2 Qxf2+ 35.
Kxf2 Rxd3 $19) (31. Be2 gxh4 32. f4 Qg6 33. Qd3 Kh7 34. f5 Qg5 $19) 31... Bh3+
$1 32. Kxh3 Qxf3 {Truer mat på h1.} 33. Nb2 Bxb2 34. Rd1 (34. Qxb2 Rxd3 35. Rg1
Nxe4 $19) 34... Be5 0-1

[Event "Ch-DEN"]
[Site "corr"]
[Date "2000.??.??"]
[Round "?"]
[White "Ros, Aksel"]
[Black "Kramer, Svend Erik"]
[Result "0-1"]
[WhiteElo "2166"]
[BlackElo "2466"]
[PlyCount "88"]
[EventDate "2000.??.??"]
[Source "DSU"]
[SourceDate "2003.03.13"]

1. d4 Nf6 2. Nf3 g6 3. g3 Bg7 4. c4 O-O 5. Bg2 d6 6. Nc3 Nc6 7. O-O a6 8. h3
Rb8 9. e4 b5 10. e5 Nd7 11. cxb5 axb5 12. exd6 cxd6 13. Bg5 h6 14. Be3 b4 15.
Ne2 Na5 16. b3 Nf6 17. Nd2 Bb7 18. Rc1 Qd7 19. Bxb7 Nxb7 20. Kg2 Ra8 21. Qc2
Ra7 22. Nc4 Qb5 23. f3 Rfa8 24. Ra1 Na5 25. a4 Nxc4 26. bxc4 Qc6 27. Qb3 Rxa4
28. Rxa4 Qxa4 29. Rb1 Qxb3 30. Rxb3 Ra3 31. Nc1 Nd7 32. Kf2 Ra4 33. Nd3 Ra2+
34. Ke1 Ra3 35. Nc1 Nb6 36. c5 Nd5 37. Ke2 Ra1 38. cxd6 exd6 39. Nd3 Ra2+ 40.
Nb2 Ne7 41. Rxb4 Nc6 42. Rb7 Nxd4+ 43. Kf2 Nc6 44. Bc1 Ne5 0-1

[Event "Ch-DEN"]
[Site "corr"]
[Date "2000.??.??"]
[Round "?"]
[White "Ros, Aksel"]
[Black "Larsen, Henning"]
[Result "1/2-1/2"]
[WhiteElo "2166"]
[BlackElo "2192"]
[PlyCount "96"]
[EventDate "2000.??.??"]
[Source "DSU"]
[SourceDate "2003.03.13"]

1. d4 d5 2. Nf3 Nf6 3. c4 e6 4. Bg5 Be7 5. e3 O-O 6. Nc3 h6 7. Bh4 b6 8. cxd5
Nxd5 9. Bxe7 Qxe7 10. Nxd5 exd5 11. Bd3 c5 12. dxc5 bxc5 13. O-O Be6 14. Rc1
Nd7 15. e4 dxe4 16. Bxe4 Rab8 17. Qe2 Bf5 18. Rfe1 Qxe4 19. Qxe4 Bxe4 20. Rxe4
Rxb2 21. Ra4 Ra8 22. h3 a5 23. Ra3 Rc8 24. Rxa5 c4 25. Rd5 Nb6 26. Rd2 Rxd2 27.
Nxd2 c3 28. Nb1 Nd5 29. Kf1 c2 30. Na3 Nb4 31. Ke2 Rc3 32. Nb5 Nxa2 33. Nxc3
Nxc1+ 34. Kd2 Nd3 35. Ne2 Nxf2 36. Kxc2 f5 37. Kd2 Ne4+ 38. Ke3 Kf7 39. Nd4 Kf6
40. Nf3 g5 41. Nd4 Ke5 42. Nc6+ Kd5 43. Ne7+ Ke6 44. Nc6 Ng3 45. Kf3 f4 46. h4
Nf5 47. hxg5 hxg5 48. Nb4 Kf6 1/2-1/2

[Event "Ch-DEN"]
[Site "corr"]
[Date "2000.??.??"]
[Round "?"]
[White "Ros, Aksel"]
[Black "Simmelsgaard, Jes"]
[Result "1-0"]
[WhiteElo "2166"]
[BlackElo "2122"]
[PlyCount "103"]
[EventDate "2000.??.??"]
[Source "DSU"]
[SourceDate "2003.03.13"]

1. d4 Nf6 2. Nf3 e6 3. c4 b6 4. g3 Ba6 5. b3 Bb4+ 6. Bd2 Be7 7. Nc3 O-O 8. Bg2
c6 9. Bf4 d5 10. cxd5 Bb4 11. Bd2 cxd5 12. O-O Nbd7 13. a3 Bd6 14. Bc1 Qe7 15.
Bb2 Rfc8 16. Qd2 Rc7 17. Rfc1 Rac8 18. Ne1 Nf8 19. Nd3 Ng6 20. e3 Qd7 21. Bf1
Qd8 22. Be2 Ne4 23. Nxe4 dxe4 24. Rxc7 Rxc7 25. Nb4 Bxe2 26. Qxe2 Qg5 27. Nc2
Qd5 28. b4 a5 29. bxa5 Qb3 30. Ne1 bxa5 31. Qd2 Rc8 32. Rc1 Rb8 33. Rc2 Bxa3
34. Bxa3 Qxa3 35. Ra2 Qb4 36. Qxb4 axb4 37. Nc2 b3 38. Rb2 e5 39. Kg2 Nf8 40.
Na1 exd4 41. exd4 Rb4 42. Nxb3 f5 43. Rb1 Kf7 44. Kf1 Ke7 45. Ke2 Ne6 46. Ke3
g5 47. Nd2 f4+ 48. gxf4 gxf4+ 49. Ke2 Nxd4+ 50. Kf1 Rxb1+ 51. Nxb1 Kd6 52. Nc3
1-0

[Event "Ch-DEN"]
[Site "corr"]
[Date "2000.??.??"]
[Round "?"]
[White "Simmelsgaard, Jes"]
[Black "Larsen, Henning"]
[Result "1/2-1/2"]
[WhiteElo "2122"]
[BlackElo "2192"]
[PlyCount "59"]
[EventDate "2000.??.??"]
[Source "DSU"]
[SourceDate "2003.03.13"]

1. e4 e5 2. Nf3 Nc6 3. Bb5 a6 4. Ba4 Nf6 5. O-O Be7 6. d3 b5 7. Bb3 Bb7 8. c3
O-O 9. Re1 d6 10. a4 Nd7 11. Be3 b4 12. Nbd2 Rb8 13. d4 bxc3 14. bxc3 exd4 15.
cxd4 Nb4 16. Qe2 Re8 17. Bf4 d5 18. Rac1 Rc8 19. exd5 Bxd5 20. Bg3 c6 21. h3
Nf8 22. Bc4 Ne6 23. Nb3 Bf6 24. Be5 Nf4 25. Qd2 Bxe5 26. Rxe5 Rxe5 27. dxe5
Nxh3+ 28. gxh3 Bxf3 29. Qxb4 Qg5+ 30. Kf1 1/2-1/2